| 000 | 00508nam a2200181Ia 4500 | ||
|---|---|---|---|
| 008 | 240925s9999 xx 000 0 und d | ||
| 020 | _a70380899 | ||
| 082 | _a621.38456 LEE | ||
| 100 | _aLee, William C.Y. | ||
| 245 | 0 | _aMobile Cellular Telecommunications: analog and digital systems | |
| 250 | _a2nd | ||
| 260 |
_aNew York: _bMc Graw HIll _c,1995. |
||
| 300 |
_axxvi,1200p. _bN.A _fOriginal |
||
| 500 | _aIncludes Index | ||
| 600 | _aTelecommunication Engineering | ||
| 650 | _aTechnology | ||
| 942 | _cBK | ||
| 999 |
_c6895 _d6895 |
||